LDR 00695naa#a2200193#i#450# 001 EN\\bibl\121793 005 20260430055659.4 011 ## _a1998-8990 100 ## _a20260423b2026####ek#y0engy0150####ca 102 ## _aRU 200 1# _aTECHNOGENIC FIRES IN COAL MINING AS SOURCES OF ENVIRONMENTAL RISK _eJournal article 210 1# _aSaint-Petersburg _cSaint-Petersburg University of State Fire Service of Emercom of Russia _d2026 215 ## _a15 с. 608 ## _aJournal article _2local 675 ## _aПричины пожаров. Опасность пожаров. 614.841.2 _z 700 #1 _aTimofeeva _gSvetlana S. 700 #1 _aSmirnov _gGrigoriy Ivanovich 700 #1 _aZueva _gValeria A. 856 4# _ajournals.igps.ru _u